000 00850nam a2200253Ia 4500
003 OSt
005 20221005112815.0
006 a|||||r|||| 00| 0
007 ta
008 221004b |||||||| |||| 00| 0 pan d
020 _c95
024 _a96214
037 _b72865, 31/12/2008, Arsee Publishers
_cTextual
040 _aCRL
_cCRL
_bpan
041 _2pan
_apan
082 _aO153,3NBEw, L9;P1
100 _aਬੇਦੀ, ਸ ਸ ਵਣਜਾਰਾ
245 0 _aਅੱਧੀ ਸਿੱਟੀ ਅੱਧਾ ਸੋਨਾ
260 _aਦਿੱਲੀ
_bਆਰਸੀ ਭਾਰਤ
_c2001
300 _a143ਪੰ
_ccm.
650 _aਪੰਜਾਬੀ ਸਾਹਿਤ
942 _hO153,3NBEw, L9;P1
_cTEXL
_2cc
999 _c1026036
_d1026036